| 000 | 00705nam a22002177a 4500 | ||
|---|---|---|---|
| 005 | 20171017141234.0 | ||
| 010 | _aENG-107324 | ||
| 020 |
_a9789380902937 _c995.00 |
||
| 035 | _aEN-90857 | ||
| 037 | _bDBAD/PUB | ||
| 082 | _a882.009 | ||
| 100 | _aP. Gopichand | ||
| 245 |
_aPerspectives on Indian drama in English: _cby P. Gopichand [and] P. Nagasuseela _bsplendorous reality / |
||
| 260 |
_aJaipur _bAadi Publications _c2012 |
||
| 270 |
_a18,Jain Bhawan Opp. Shanti Nagar _bJaipur _e302006 |
||
| 300 |
_aviii, 279p. _c22cm(Hb) |
||
| 500 | _aIncludes index | ||
| 650 |
_aIndic drama (English) _xHistory and criticism |
||
| 700 | _aP. Nagasuseela | ||
| 942 |
_2ddc _cEN _mGOP _h882.009 |
||
| 999 |
_c76021 _d76021 |
||